000 00279pam a2200121 a 4500
020 _c
041 _h
082 _a708
_bVAD
245 _a10 Ml of contemporay Need
_hTextual Documents
260 _a[s.l]:
_bVadhera Art Gallery , Delhi
300 _a79:
_bpaper.
930 _a6994
999 _c240784
_d240784